[Event "Karvina op"]
[Site "Karvina"]
[Date "1992.??.??"]
[Round "5"]
[White "Zolnierowicz, Krzysztof"]
[Black "Meister, Yakov"]
[Result "0-1"]
[WhiteElo "2360"]
[BlackElo "2460"]

1.Nf3 d5 2.g3 Nf6 3.Bg2 Bf5 4.b3 e6 5.Bb2 Be7 6.d3 h6 7.Nbd2 O-O 8.O-O a5
9.a4 c6 10.e3 Na6 11.Qe2 Nc5 12.Nd4 Bh7 13.e4 Qb6 14.e5 Nfd7 15.Kh1 Na6 16.f4 c5
17.Nb5 Nb4 18.Rac1 Rae8 19.g4 f6 20.exf6 Bxf6 21.Bxf6 Nxf6 22.g5 hxg5 23.fxg5 Nd7
24.Qh5 Ne5 25.Nf3 Bg6 26.Qh3 Nxf3 27.Bxf3 e5 28.c3 e4 29.cxb4 exf3 30.bxc5 Qe6
31.Rxf3 Rxf3 32.Qxf3 Rf8 33.Nc7 Qe7 34.Qxd5+ Bf7 35.Qxb7 Bh5  0-1

[Event "Karvina op"]
[Site "Karvina"]
[Date "1992.??.??"]
[Round "6"]
[White "Fiala, Jaroslav"]
[Black "Dobrovolsky, Ladislav"]
[Result "1/2-1/2"]
[WhiteElo "2250"]
[BlackElo "2390"]

1.Nf3 d5 2.g3 Nf6 3.Bg2 e6 4.O-O Be7 5.d3 O-O 6.Nbd2 Nc6 7.c3 e5 8.Qc2 Re8
9.e4 Bf8 10.Re1 g6 11.a3 Bg7 12.b4 a6 13.Rb1 dxe4 14.dxe4 Be6 15.Bf1 Qc8
16.a4 Nh5 17.Nc4 Bh3 18.b5 axb5 19.axb5 Nd8 20.b6 Bxf1 21.Rxf1 Qe6 22.Qd3 c6
23.Rd1 f6 24.Qd7 Qxd7 25.Rxd7 Bf8 26.Be3 Ng7 27.Nfd2 Nge6 28.Nb3 Re7 29.Rbd1 Rxd7
30.Rxd7 h5 31.Nca5 Rb8 32.h4 Ba3 33.Kg2 Kf8 34.f4 Ke8 35.Rd1 Nf7 36.Nc4 Be7
37.Kf3 Rd8 38.Rxd8+ Kxd8 39.f5 gxf5 40.exf5 Ng7 41.g4 e4+ 42.Kxe4 hxg4 43.Bf4 Nh5
44.Nd4 Kd7 45.Ne6 Bd6 46.Bxd6 Nxd6+ 47.Nxd6 Kxd6 48.c4 c5 49.Nd8 Ng3+ 50.Kf4 Nxf5
51.Kxg4 Ne3+ 52.Kh5 Nxc4 53.Nxb7+ Ke7 54.Nxc5 Nxb6 55.Kg6 Nd5 56.Nd3 Kf8
57.h5 Kg8 58.h6 Ne7+ 59.Kxf6  1/2-1/2

[Event "Katerini op"]
[Site "Katerini"]
[Date "1992.??.??"]
[Round "?"]
[White "Dedes, Nikolaos"]
[Black "Skembris, Spyridon"]
[Result "1/2-1/2"]
[WhiteElo "2245"]
[BlackElo "2520"]

1.Nf3 d5 2.g3 Nd7 3.Bg2 Ngf6 4.O-O c6 5.d3 e5 6.Nc3 h6 7.e4 dxe4 8.dxe4 Bc5
9.Nh4 Nb6 10.Qxd8+ Kxd8 11.Nf5 Bxf5 12.exf5 Kc7 13.Re1 Rhe8 14.Ne4 Nxe4 15.Bxe4 Nd7
16.Be3 Rad8 17.Bf3 Bxe3 18.Rxe3 Nb6 19.Bh5 Re7 20.Rae1 f6 21.Be2 Rd2 22.Bd3 Na4
23.Rb1 Nc5 24.Re2 Rxe2 25.Bxe2 Rd7 26.Kf1 Rd2 27.Rc1 e4 28.Ke1 Rd5 29.g4 a5
30.b3 Nd3+ 31.cxd3 exd3 32.Rd1 dxe2 33.Rxd5 cxd5 34.Kxe2 Kd6 35.Kd3 Kc5 36.a3 b6
37.Kc3 h5 38.gxh5 b5 39.b4+ axb4+ 40.axb4+ Kc6 41.Kd4 Kd6 42.f4  1/2-1/2

[Event "Katowice op"]
[Site "Katowice"]
[Date "1992.??.??"]
[Round "4"]
[White "Panchenko, Alexander N"]
[Black "Sopur, Lech"]
[Result "1/2-1/2"]
[WhiteElo "2460"]
[BlackElo "2295"]

1.Nf3 d5 2.g3 Bg4 3.Bg2 c6 4.O-O e6 5.d3 Bd6 6.Nbd2 Nd7 7.b3 Ne7 8.Bb2 O-O
9.h3 Bh5 10.e4 Be5 11.Qc1 Bxb2 12.Qxb2 dxe4 13.dxe4 Qc7 14.Nc4 f6 15.Nd4 Bf7
16.Qc3 e5 17.Nf5 Nxf5 18.exf5 Nb6 19.Ne3 Rad8 20.Rfd1 Qb8 21.Qc5 Rxd1+ 22.Rxd1 Rd8
23.Rxd8+ Qxd8 24.Qa5 a6 25.Bf1 Kf8 26.c4 Ke8 27.c5 Nd5 28.Nc4 Qxa5 29.Nxa5 Nc3
30.Nxb7 Kd7 31.Bxa6 Nxa2 32.Na5 Nb4 33.Be2 Nc2 34.Bd3 Nd4 35.Be4  1/2-1/2

[Event "Katowice op"]
[Site "Katowice"]
[Date "1992.??.??"]
[Round "7"]
[White "Tregubov, Pavel V"]
[Black "Raetsky, Alexander"]
[Result "1-0"]
[WhiteElo "2385"]
[BlackElo "2455"]

1.Nf3 d5 2.g3 c6 3.Bg2 Bg4 4.O-O Nd7 5.d3 e6 6.Nbd2 Bd6 7.h3 Bh5 8.e4 Ne7
9.b3 O-O 10.Bb2 Qc7 11.Qe1 e5 12.g4 Bg6 13.Nh4 dxe4 14.Nxe4 Nd5 15.Nxg6 hxg6
16.Rd1 Bb4 17.c3 Be7 18.c4 Nf4 19.Qe3 f5 20.Nd2 Bc5 21.Qf3 Rae8 22.gxf5 gxf5
23.Kh1 Qd6 24.Qg3 Qh6 25.Nf3 Re6 26.d4 Rg6 27.Qh4 exd4 28.Qxh6 gxh6 29.Rg1 d3
30.Nh4 Rg5 31.Bc1 Bd6 32.Nf3 Rg7 33.Bxf4 Bxf4 34.Rxd3 Nc5 35.Rd4 Ne4 36.Rf1 Bd6
37.Rd3 Bc5 38.Nd4 Rd7 39.Bxe4 fxe4 40.Rg3+ Kh7 41.Ne6 Rf5 42.Nxc5 Rxc5 43.Re3 b5
44.Rxe4 bxc4 45.bxc4 Rd2 46.Re7+ Kg6 47.Rxa7 Rxc4 48.Rg1+ Kf6 49.Rgg7 Rcc2
50.Raf7+ Ke6 51.Kg2 Rxa2 52.Rf3 Ra8 53.Rg6+ Kd5 54.Rff6 Rc2 55.Rxh6 Rc8 56.h4 c5
57.Rd6+ Ke5 58.h5 Rb2 59.Rhe6+ Kf5 60.Rf6+ Ke5 61.Rde6+ Kd5 62.Rd6+ Kc4 63.Rd7 Rbb8
64.h6 Kb3 65.Rf3+ Kb2 66.h7 c4 67.Rg3 c3 68.Rdg7 c2 69.Rg8 Rxg8 70.Rxg8 Rxg8+
71.hxg8=Q c1=Q 72.Qb8+ Ka3 73.Qa7+ Kb4 74.Qb8+ Ka4 75.Qe5 Qc6+ 76.f3 Qc2+
77.Kh3 Qh7+ 78.Kg4 Qg8+ 79.Qg5 Qc8+ 80.Kg3 Qc3 81.Qe7 Kb3 82.Qb7+ Ka2 83.Kg4 Qc4+
84.f4 Qe2+ 85.Kg5 Qe3 86.Qd5+ Ka3 87.Qd6+ Ka2 88.Kf6 Qc3+ 89.Qe5 Qd2 90.f5 Qh6+
91.Ke7 Qh7+ 92.Kd6 Kb1 93.f6 Qd3+ 94.Ke7 Qa3+ 95.Kf7 Qa2+ 96.Kg7 Qg2+ 97.Kh6 Qh3+
98.Kg6 Qg2+ 99.Qg5 Qc6 100.Kg7 Qc3 101.Qf5+ Ka1 102.Kh7 Qc7+ 103.f7 Qh2+
104.Kg7 Qg3+ 105.Qg6 Qc7 106.Qg4 Qc3+ 107.Kg8 Qb3 108.Qf4 Ka2 109.Qe5 Qc4
110.Kg7 Qg4+ 111.Kf6 Qf3+ 112.Ke6 Qc6+ 113.Qd6 Qe4+ 114.Kd7 Qb7+ 115.Ke8 Qe4+
116.Kd8 Qa8+ 117.Ke7 Qb7+  1-0

[Event "Kecskemet"]
[Site "Kecskemet"]
[Date "1992.??.??"]
[Round "1"]
[White "Weindl, Alfred"]
[Black "Braeuning, Rudolf Wilhelm"]
[Result "0-1"]
[WhiteElo "2365"]
[BlackElo "2415"]

1.g3 d5 2.Nf3 c6 3.Bg2 Nf6 4.O-O Bf5 5.d3 h6 6.Nbd2 e6 7.Qe1 Be7 8.e4 Bh7
9.Qe2 O-O 10.Re1 a5 11.e5 Nfd7 12.h4 b5 13.Nf1 c5 14.h5 Nc6 15.N1h2 Kh8 16.Bf4 Rc8
17.g4 f5 18.exf6 Bxf6 19.c3 Re8 20.Bg3 e5 21.Nd2 Nb6 22.Rad1 b4 23.Nb3 Na4
24.c4 Nd4 25.Nxd4 exd4 26.Qc2 dxc4 27.Qxa4 Rxe1+ 28.Rxe1 cxd3 29.Bb7 d2 30.Rf1 c4
31.Bxc8 Qxc8 32.Bf4 c3 33.Bxd2 cxd2 34.Qd1 Bd3 35.f3 Bg5 36.f4 Bxf4  0-1

[Event "Kecskemet"]
[Site "Kecskemet"]
[Date "1992.??.??"]
[Round "6"]
[White "Schmidt, Peter"]
[Black "Blatny, Pavel"]
[Result "1/2-1/2"]
[WhiteElo "2405"]
[BlackElo "2480"]

1.Nf3 d5 2.g3 e6 3.Bg2 Nd7 4.O-O c5 5.d4 Ngf6 6.c4 dxc4 7.Na3 Nb6 8.Nxc4 Nxc4
9.Qa4+ Bd7 10.Qxc4 b5 11.Qd3 c4 12.Qc2 Bc6 13.b3 Be4 14.Qb2 Qd5 15.bxc4 bxc4
16.Nh4 Rc8 17.Bd2 Bxg2 18.Nxg2 Ne4 19.Ne3 Qc6 20.Nxc4 Qxc4 21.Rac1 Nxd2 22.Rxc4 Nxc4
23.Qb7 Nd6 24.Qxa7 f5 25.Rb1 Be7 26.Rb8 Kf7 27.Rxc8 Rxc8 28.a4 Rc1+ 29.Kg2 Ra1
30.a5 Nb5 31.Qb6 Nxd4 32.Qxd4 Rxa5 33.Qc4 Rc5 34.Qa4 Rd5 35.Qa8 Rd8 36.Qf3 g6
37.h4 h5 38.Qe3 Rd7 39.Qc3 Bf6 40.Qc6 Ra7 41.e4 fxe4 42.Qxe4 Ra5 43.f3 Rd5
44.Kh3 Be7 45.g4 Bf6 46.Qf4 Re5 47.Kg2 hxg4 48.fxg4 g5 49.hxg5 Rxg5 50.Kf3 Rd5
51.Qc7+  1/2-1/2

[Event "Kecskemet"]
[Site "Kecskemet"]
[Date "1992.??.??"]
[Round "8"]
[White "Weindl, Alfred"]
[Black "Hracek, Zbynek"]
[Result "0-1"]
[WhiteElo "2365"]
[BlackElo "2460"]

1.Nf3 d5 2.g3 c6 3.Bg2 Bf5 4.O-O e6 5.d3 h6 6.Nbd2 Nf6 7.b3 Bc5 8.Bb2 Nbd7
9.e4 Bh7 10.Qe2 O-O 11.e5 Ne8 12.Kh1 Nc7 13.Nd4 a5 14.a4 Be7 15.f4 c5 16.Nb5 Nxb5
17.axb5 Nb6 18.g4 Qd7 19.c4 dxc4 20.Nxc4 Qxb5 21.f5 Rfd8 22.fxe6 fxe6 23.Qf3 Nxc4
24.dxc4 Qe8 25.Qxb7 Rab8 26.Qc7 Rxb3 27.Ba3 Bd3 28.Rfd1 Bxc4 29.Bxc5 Rxd1+
30.Rxd1 Bxc5 31.Qxc5 Be2 32.Ra1 a4 33.h3 Bf3 34.Rc1 Bxg2+ 35.Kxg2 a3  0-1

[Event "Kecskemet2"]
[Site "Kecskemet"]
[Date "1992.??.??"]
[Round "9"]
[White "Horvath, Csaba"]
[Black "Blatny, Pavel"]
[Result "1/2-1/2"]
[WhiteElo "2515"]
[BlackElo "2515"]

1.Nf3 d5 2.g3 e6 3.Bg2 c5 4.O-O Nd7 5.d4 Ngf6 6.c4 dxc4 7.Na3 cxd4 8.Nxc4 Bc5
9.Nxd4 Nb6 10.Nxb6 Bxb6 11.Nc2 O-O  1/2-1/2

[Event "Kecskemet"]
[Site "Kecskemet"]
[Date "1992.??.??"]
[Round "10"]
[White "Weindl, Alfred"]
[Black "Blatny, Pavel"]
[Result "0-1"]
[WhiteElo "2365"]
[BlackElo "2480"]

1.Nf3 d5 2.g3 c6 3.Bg2 Bf5 4.O-O Nf6 5.d3 h6 6.Nbd2 e6 7.b3 Be7 8.Bb2 O-O
9.e3 Nbd7 10.Qe2 Bh7 11.e4 Qa5 12.a3 Rad8 13.Rfd1 Qa6 14.e5 Ne8 15.Nf1 Nc7
16.Rd2 Nb5 17.c4 Nc7 18.b4 Qa4 19.Qd1 Nb6 20.Bd4 Qxd1 21.Raxd1 Ra8 22.Ne3 Na4
23.Ne1 b6 24.Ba1 Rfd8 25.N1c2 c5 26.d4 cxb4 27.Nxb4 Bxb4 28.axb4 b5 29.cxd5 Nxd5
30.Nxd5 exd5 31.Rc1 Rac8 32.Rdd1 Rc4 33.Rxc4 bxc4 34.Rc1 Bf5 35.h3 g5 36.Bf3 Nb6
37.Bc3 Bd7 38.Ra1 Ba4 39.Kf1 f6 40.exf6 Kf7 41.Ke1 a6 42.Kd2 Kxf6 43.Bg4 Re8
44.Rxa4 Nxa4 45.Bd7 Re2+ 46.Kxe2 Nxc3+ 47.Kd2 Ke7 48.Bc8 Na2 49.Bxa6 c3+  0-1

[Event "Kecskemet2"]
[Site "Kecskemet"]
[Date "1992.??.??"]
[Round "11"]
[White "Horvath, Csaba"]
[Black "Lyrberg, Patrik"]
[Result "1-0"]
[WhiteElo "2515"]
[BlackElo "2425"]

1.Nf3 d5 2.g3 Nf6 3.Bg2 c6 4.O-O Bg4 5.d3 Nbd7 6.Qe1 Qc7 7.e4 dxe4 8.dxe4 e5
9.Nbd2 Be7 10.h3 Bh5 11.Nh4 Bg6 12.a3 O-O 13.b3 Rfe8 14.Bb2 a5 15.Kh1 Bc5
16.Qe2 Rad8 17.Rad1 Nf8 18.Nf5 Ne6 19.Nf3 Nd4 20.N3xd4 exd4 21.Qd3 Bxf5 22.exf5 Qe7
23.a4 Nd5 24.Qd2 Bb4 25.Qc1 Nc3 26.Rd3 Qf6 27.g4 h6 28.Bf3 Qe5 29.Kg2 Re7
30.Rh1 Rde8 31.Qg1 Nd5 32.Bc1 Qf6 33.Bxd5 Re1 34.Qh2 Rxh1 35.Kxh1 Re1+ 36.Kg2 Rxc1
37.Qb8+ Bf8 38.Bc4 Rxc2 39.Qxb7 c5 40.Rf3 Bd6 41.Qc8+ Kh7 42.Qe8 Qe5 43.Qxe5 Bxe5
44.Bxf7 Rc3 45.Bc4 Kh8 46.Rd3 Rxd3 47.Bxd3 Bf4 48.Kf3 Bd2 49.Bc4 d3 50.Bxd3 Kg8
51.Bc4+ Kf8 52.Ke4 Be1 53.f3 Ke7 54.Kd5 Bb4 55.Bd3 Kf6 56.f4 Kf7 57.Bc4 Kf6
58.Kd6 h5 59.Be6 hxg4 60.hxg4 g5 61.fxg6 c4+ 62.Kd5 cxb3 63.Bf5 Bd2 64.Ke4  1-0

[Event "Kecskemet"]
[Site "Kecskemet"]
[Date "1992.??.??"]
[Round "12"]
[White "Weindl, Alfred"]
[Black "Arkhipov, Sergey"]
[Result "0-1"]
[WhiteElo "2365"]
[BlackElo "2515"]

1.Nf3 d5 2.g3 Nc6 3.d4 Bg4 4.Bg2 Qd7 5.O-O O-O-O 6.Nbd2 f6 7.b4 e5 8.dxe5 Bxb4
9.exf6 Nxf6 10.Rb1 Rhe8 11.c3 Bc5 12.Nb3 Bb6 13.Nbd4 h6 14.Bf4 g5 15.Nxc6 Qxc6
16.Ne5 Qe6 17.Nxg4 Nxg4 18.Bc1 Bxf2+ 19.Rxf2 Nxf2 20.Qb3 Qa6 21.Bxd5 Rxd5
22.Qxd5 Ne4 23.Rb3 Nd6 24.Rb2 Rxe2 25.Rxe2 Qxe2 26.Qd2 Qxd2 27.Bxd2 Ne4 28.Be1 g4
29.Kf1 Kd7 30.Ke2 Ke6 31.Kd3 Ke5 32.c4 h5 33.Ba5 b6 34.Bb4 c5 35.Ba3 a6 36.Bc1 b5
37.Bf4+ Kf5 38.Bc7 Nf6 39.Bd6 Nd7 40.Ke3 bxc4 41.Bc7 Ne5  0-1

[Event "Kecskemet3"]
[Site "Kecskemet"]
[Date "1992.??.??"]
[Round "12"]
[White "Loginov, Valery A"]
[Black "Sermek, Drazen"]
[Result "1-0"]
[WhiteElo "2540"]
[BlackElo "2465"]

1.Nf3 d5 2.g3 c6 3.Bg2 Nf6 4.O-O Bg4 5.c4 dxc4 6.Na3 Qd5 7.Qc2 Bf5 8.Qxc4 e6
9.Qb3 Qxb3 10.axb3 Be4 11.Nc4 Nbd7 12.d3 Bxf3 13.Bxf3 Nd5 14.Bd2 Be7 15.e4 Nb4
16.Bc3 O-O 17.d4 Rfd8 18.Rfd1 f5 19.exf5 exf5 20.Bxb4 Bxb4 21.d5 Nc5 22.dxc6 Rxd1+
23.Rxd1 bxc6 24.Bxc6 Rc8 25.Bd5+ Kf8 26.Ne3 g6 27.Bc4 a5 28.Kg2 Kg7 29.h4 Re8
30.Nc2 Re7 31.Rd8 Ne4 32.Nxb4 axb4 33.f3 Nf6 34.Kf2 h6 35.Rd4 Re5 36.Be2 g5
37.hxg5 hxg5 38.Rxb4 Rd5 39.Rb5 Rd2 40.Rxf5 Kg6 41.Rb5 Rxb2 42.Ke3 Nd7 43.Bd3+ Kh6
44.Rb7 Nf6 45.Rf7  1-0

[Event "JUG-ch"]
[Site "Kladovo"]
[Date "1992.??.??"]
[Round "2"]
[White "Lazic, Miroljub"]
[Black "Dabetic, Radojica"]
[Result "1-0"]
[WhiteElo "2450"]
[BlackElo "2300"]

1.Nf3 d5 2.g3 Nf6 3.Bg2 c5 4.O-O Nc6 5.d3 g6 6.Nbd2 Bg7 7.e4 O-O 8.Re1 dxe4
9.dxe4 h6 10.c3 Be6 11.Qc2 Rc8 12.h3 Qa5 13.Bf1 b5 14.a4 b4 15.Nc4 Bxc4 16.Bxc4 Nd7
17.e5 e6 18.Bxh6 Ndxe5 19.Nxe5 Nxe5 20.Rxe5 Bxh6 21.Bxe6 fxe6 22.Qxg6+ Bg7
23.Qxe6+  1-0

[Event "JUG-ch"]
[Site "Kladovo"]
[Date "1992.??.??"]
[Round "5"]
[White "Petronic, Jovan"]
[Black "Kostic, Nebojsa"]
[Result "1/2-1/2"]
[WhiteElo "2420"]
[BlackElo "2385"]

1.Nf3 d5 2.g3 c6 3.Bg2 Bg4 4.O-O f5 5.d3 Nf6 6.Nbd2 Nbd7 7.h3 Bh5 8.c4 e6
9.b3 Bc5 10.Bb2 O-O 11.Qc2 Qe7 12.e3 Rac8 13.Rfe1 Bb4 14.Bc3 Bxc3 15.Qxc3 Bxf3
16.Nxf3 e5  1/2-1/2

[Event "Kuala Lumpur op"]
[Site "Kuala Lumpur"]
[Date "1992.??.??"]
[Round "9"]
[White "McNab, Colin Anderson"]
[Black "Johansen, Darryl K"]
[Result "1/2-1/2"]
[WhiteElo "2475"]
[BlackElo "2485"]

1.Nf3 d5 2.g3 c5 3.c4 d4 4.e3 Nc6 5.exd4 cxd4 6.d3 Nf6 7.Bg2 Nd7 8.Nbd2 e5
9.O-O Be7 10.Ne1 O-O 11.f4 exf4 12.gxf4 f5 13.Ndf3 Nf6 14.Nc2 Re8 15.Bd2 a5
16.a3 a4 17.Nb4 Bd7 18.Ne5 Bxb4 19.axb4 Nxe5 20.fxe5 Ng4 21.b5 Qh4 22.h3  1/2-1/2

[Event "Ladenburg BM"]
[Site "Ladenburg"]
[Date "1992.??.??"]
[Round "3"]
[White "Mandel, Andreas"]
[Black "Schrepp, Martin"]
[Result "1/2-1/2"]
[WhiteElo "2375"]
[BlackElo "2250"]

1.Nf3 d5 2.g3 g6 3.c4 c6 4.cxd5 cxd5 5.Bg2 Bg7 6.d4 Nc6 7.Nc3 Nh6 8.O-O Nf5
9.e3 e6 10.b3 O-O 11.Ba3 Re8 12.Rc1 Bf8 13.Bxf8 Rxf8 14.Re1 Rb8 15.Qd2 Qa5
16.Qb2 Rd8 17.a3 a6 18.h4 h5 19.Na4 Bd7 20.Nc5 Be8 21.Rc3 Qb6 22.Rec1 Nd6
23.Bf1 a5 24.Bd3 Qa7 25.Qe2 Rbc8 26.R3c2 Ne7 27.Ne5 b6 28.Na4 Rxc2 29.Rxc2 Rc8
30.Rxc8 Nexc8 31.Qc2 Qb7 32.Nc3 Ne7 33.Kg2 Kg7 34.Kg1 Qb8 35.Qe2 Qc7 36.Qb2 Qb7
37.Ne2 Qc8 38.Nf4 Nef5  1/2-1/2

[Event "Ladenburg BM"]
[Site "Ladenburg"]
[Date "1992.??.??"]
[Round "8"]
[White "Beikert, Guenther"]
[Black "Schmidt Schaeffer, Sebastian"]
[Result "1-0"]
[WhiteElo "2350"]
[BlackElo "2270"]

1.g3 d5 2.Nf3 Nf6 3.Bg2 Bf5 4.O-O h6 5.d3 Nc6 6.Nbd2 e5 7.c4 d4 8.b4 Bxb4
9.Nxe5 Nxe5 10.Qa4+ Nc6 11.Bxc6+ bxc6 12.Qxb4 Qd6 13.Ba3 Qxb4 14.Bxb4 Kd7
15.Bc5 Rhe8 16.Rfe1 Nh7 17.Bxd4 f6 18.e4 Bg6 19.f4 Nf8 20.f5 Bf7 21.Bc5 Kc8
22.Bxf8 Rxf8 23.Rab1 Rd8 24.Rb3 Rb8 25.Rxb8+ Kxb8 26.Re3 Kb7 27.Kf2 c5 28.g4 h5
29.h3 hxg4 30.hxg4 Rh8 31.Nf3 Be8 32.Kg3 Bc6 33.Nh4 Kc8 34.e5 Kd7 35.exf6 gxf6
36.Re6 Rf8 37.Ng6 Rf7 38.g5 Ba4  1-0

[Event "Linares NL"]
[Site "Linares"]
[Date "1992.??.??"]
[Round "?"]
[White "Sunye Neto, Jaime"]
[Black "Arencibia, Walter"]
[Result "1/2-1/2"]
[WhiteElo "2495"]
[BlackElo "2535"]

1.Nf3 d5 2.g3 g6 3.c4 e6 4.Bg2 Bg7 5.O-O Ne7 6.d4 Nbc6 7.e3 O-O 8.Nbd2 a5
9.a3 a4 10.Qc2 Bd7 11.Rd1 Nf5 12.cxd5 exd5 13.b4 axb3 14.Nxb3 b6 15.Bb2 Nce7
16.Rdc1 Ba4 17.Nfd2 Ra7 18.Nb1 c5 19.Nc3 cxd4 20.Nxa4  1/2-1/2

[Event "Lippstadt"]
[Site "Lippstadt"]
[Date "1992.??.??"]
[Round "?"]
[White "Hickl, Joerg"]
[Black "Boensch, Uwe"]
[Result "1/2-1/2"]
[WhiteElo "2540"]
[BlackElo "2490"]

1.g3 d5 2.Nf3 c6 3.Bg2 Bg4 4.b3 Nd7 5.Bb2 e6 6.d3 Ngf6 7.O-O Bd6 8.e4 O-O
9.Qe1 dxe4 10.dxe4 Bxf3 11.Bxf3 Be5 12.c3 Qc7 13.Bg2 Rfd8 14.Qe3 Qb6 15.Qxb6 axb6
16.f4 Bc7 17.b4 b5 18.Bf3 Nb6 19.Bc1 Nc4 20.a3 Bb6+ 21.Kg2 Rd3 22.Ra2 h5
23.h3 Rad8 24.Re2 g6 25.Rfe1 e5 26.f5 R8d6 27.fxg6 fxg6 28.Ra2 Ne3+ 29.Bxe3 Rxe3
30.Rxe3  1/2-1/2

[Event "Ljubljana Iskra"]
[Site "Ljubljana"]
[Date "1992.??.??"]
[Round "?"]
[White "Dizdarevic, Emir"]
[Black "Jelen, Igor"]
[Result "1/2-1/2"]
[WhiteElo "2505"]
[BlackElo "2340"]

1.Nf3 d5 2.g3 b6 3.Bg2 Bb7 4.O-O e6 5.b3 c5 6.c4 dxc4 7.bxc4 Nf6 8.Bb2 Be7
9.a4 a6 10.Qb3 O-O 11.Nc3 Nc6 12.d3 Qc7 13.Rab1 Na5 14.Qc2 Rab8 15.Ba1 Bc6
16.Rfd1 Rfd8 17.Qc1 Nb7 18.Rd2 Nd7 19.Ra2 Bf6 20.Qf4 Rdc8 21.Qxc7 Rxc7 22.Kf1 Kf8
23.e3 Nd6 24.Ne1 Bxg2+ 25.Kxg2 Rcb7 26.Nf3 b5 27.axb5 axb5 28.cxb5 Nxb5 29.Ne4 Bxa1
30.Rbxa1 Ke7 31.Rc1 Rc7 32.g4 Nd6 33.Ned2 Rbc8 34.Rac2 Nf6 35.Ne5 Nd7 36.f4 Nb6
37.Kf3 f6 38.Nec4 Nbxc4 39.Nxc4 Nxc4 40.Rxc4 Kd6 41.h4 g6 42.g5 f5 43.h5 gxh5
44.Kg3 h6 45.d4 h4+ 46.Kf3 hxg5 47.fxg5 Rg8 48.Kf4 Rcg7 49.dxc5+ Kc6 50.Rb4 Rxg5
51.Rb6+ Kc7 52.Ra1 e5+ 53.Kxe5 f4+ 54.Kxf4 Rxc5 55.Rf6 Rh8 56.Ra7+ Kb8 57.Rff7 Rch5
58.Rfb7+ Kc8 59.Rc7+ Kb8 60.Rab7+ Ka8 61.Rb2 h3 62.Rc3 Ra5 63.Kg3 Ra7 64.Kh2 Rb7
65.Rcb3 Rxb3 66.Rxb3 Rh4 67.Rb2 Re4 68.Re2 Kb7 69.Kxh3 Kc6 70.Kg3 Kd5 71.Kf3 Ke5
72.Rh2 Ra4 73.Rh8 Ra1 74.Rh5+ Ke6 75.Kf4 Rb1 76.Rh6+ Ke7 77.Ra6 Rc1 78.Ra5 Ke6
79.Re5+ Kf6 80.Re8 Kf7 81.Rh8 Ke6 82.Rh6+ Ke7 83.Ke5 Rc5+ 84.Kd4 Ra5 85.e4 Ra4+
86.Ke3 Ra3+ 87.Kf4 Ra5  1/2-1/2

[Event "Ljubljana Iskra"]
[Site "Ljubljana"]
[Date "1992.??.??"]
[Round "?"]
[White "Sifrer, Darko"]
[Black "Jelen, Igor"]
[Result "1-0"]
[WhiteElo "2355"]
[BlackElo "2340"]

1.Nf3 d5 2.g3 c5 3.Bg2 Nc6 4.d4 e6 5.O-O Nf6 6.c4 Be7 7.cxd5 exd5 8.Nc3 O-O
9.b3 Ne4 10.Bb2 Bf6 11.Na4 b6 12.dxc5 Bxb2 13.Nxb2 bxc5 14.Na4 Ba6 15.Nd2 Nd4
16.Re1 Qf6 17.Nxe4 dxe4 18.Nc3 Rad8 19.Qc1 Rfe8 20.Rb1 Qe5 21.Rb2 e3 22.fxe3 Qxe3+
23.Qxe3 Rxe3 24.Ne4 c4 25.bxc4 Bxc4 26.Kf2 Ra3 27.Nd6 Be6 28.Rd1 Ra4 29.e3 Nb5
30.Rxb5 Rxa2+ 31.Kg1 g6 32.Bf1 Ra6 33.Nf5 Re8 34.Re5 Ra3 35.Nd4 Kg7 36.Nxe6+ Rxe6
37.Rxe6 fxe6 38.Rd7+ Kh6 39.Re7 Ra1 40.Kf2 a5 41.Rxe6  1-0

[Event "Ljubljana op"]
[Site "Ljubljana"]
[Date "1992.??.??"]
[Round "6"]
[White "Barle, Janez"]
[Black "Sherbakov, Ruslan"]
[Result "1/2-1/2"]
[WhiteElo "2430"]
[BlackElo "2495"]

1.Nf3 d5 2.g3 Bg4 3.Ne5 Bf5 4.c4 Nd7 5.Qa4 c6 6.Nxd7 Qxd7 7.Bg2 dxc4 8.Qxc4 e5
9.d3 Nf6 10.Bg5 Be6 11.Qc2 Bd5 12.O-O Bxg2 13.Kxg2 Nd5 14.Nc3 Nc7 15.Be3 Ne6
16.f4 exf4 17.Bxf4 Be7 18.Be3 O-O 19.Rf3 Bc5 20.Bxc5 Nxc5 21.Raf1 Rae8 22.R3f2 b6
23.Rd1 Re6 24.b4 Nb7 25.Qb3 Nd6 26.Rdf1 Qe7 27.e4 Qd7 28.Ne2 Rh6 29.a4 Ne8
30.Qc3 Rd6 31.Rf3 Nc7 32.Nf4 Ne6 33.Nxe6 Qxe6 34.Kg1 Rfd8 35.Rxf7 Qxf7 36.Rxf7 Kxf7
37.Qc4+ Ke7 38.Kf2 Rxd3 39.Qxc6 R8d7 40.a5 bxa5  1/2-1/2

[Event "Lloyds Bank op"]
[Site "London"]
[Date "1992.??.??"]
[Round "?"]
[White "McNab, Colin Anderson"]
[Black "Sadler, Matthew"]
[Result "1/2-1/2"]
[WhiteElo "2480"]
[BlackElo "2515"]

1.Nf3 d5 2.g3 c6 3.Bg2 Bg4 4.h3 Bxf3 5.Bxf3 Nd7 6.d3 e6 7.Nd2 Bd6 8.e4 Ngf6
9.d4 dxe4 10.Nxe4 Nxe4 11.Bxe4 O-O 12.O-O e5 13.Bg2 exd4 14.Qxd4 Be5 15.Qc4 Re8
16.Be3 Qc7 17.Qb3 Nf8 18.Rad1 Ne6 19.Rd2 Bd6 20.Rfd1 Red8 21.Qc4 Be7 22.c3 Rxd2
23.Rxd2 Bf6 24.h4 Nf8 25.Qc5 Be7 26.Qf5 Re8 27.Bf4 Qb6 28.Be3 Qc7 29.Qe4 Qc8
30.Qc4 a6 31.Re2 Bf6 32.Bc5 Rxe2 33.Qxe2 Qf5  1/2-1/2

[Event "Manila ol (Men)"]
[Site "Manila"]
[Date "1992.??.??"]
[Round "?"]
[White "Bern, Ivar"]
[Black "Blatny, Pavel"]
[Result "1/2-1/2"]
[WhiteElo "2395"]
[BlackElo "2480"]

1.Nf3 d5 2.g3 e6 3.Bg2 Nd7 4.O-O c5 5.c4 dxc4 6.Na3 Qc7 7.Nxc4 b5 8.Nce5 Nb6
9.b3 Bb7 10.Bb2 f6 11.Ng4 Rd8 12.a4 bxa4 13.bxa4 Nc4 14.Bc3 Ne7 15.a5 Kf7
16.d3 Nd5 17.dxc4 Nxc3 18.Qc2 h5 19.Nge5+ fxe5 20.Qxc3 Bd6 21.Rab1 Bc8 22.Ng5+ Kg8
23.h4 Be7 24.Ne4 Rh6 25.Rfd1 Rd7 26.e3 Rxd1+ 27.Rxd1 Rh8 28.Rd3 Kh7 29.Ng5+ Bxg5
30.hxg5 Kg6 31.f4 h4 32.gxh4 exf4 33.Be4+ Kh5 34.Qe1 e5 35.exf4 exf4 36.Qe2+ Bg4
37.Bg6+ Kxg6 38.Qxg4 Qe5 39.Qd1 Rxh4 40.Rd6+ Kh7 41.Qd3+ Kg8 42.Qd5+ Qxd5
43.Rxd5 Kh7 44.Kf2 Rh3 45.Rxc5 Kg6 46.Rc7 a6 47.Ra7 Rc3 48.Rxa6+ Kxg5 49.Rc6 Kf5
50.a6 Ra3 51.Rc7 g5 52.a7 Ra2+ 53.Ke1 g4 54.c5 f3 55.Rg7 Kf4 56.Rf7+ Ke4
57.Re7+ Kf5 58.Rf7+ Kg6 59.Rf4 Kg5 60.Rf7 Kg6 61.Rf4 Kg5 62.Rf7 Kh4 63.c6 Kg3
64.Kd1 f2 65.Rxf2 Rxa7 66.Rc2  1/2-1/2

[Event "Manila ol (Men)"]
[Site "Manila"]
[Date "1992.??.??"]
[Round "?"]
[White "Bern, Ivar"]
[Black "Kiik, Kalle"]
[Result "1/2-1/2"]
[WhiteElo "2395"]
[BlackElo "2395"]

1.Nf3 d5 2.g3 c5 3.Bg2 Nc6 4.c4 e6 5.cxd5 exd5 6.d4 Nf6 7.O-O Be7 8.Nc3 O-O
9.Be3 c4 10.Ne5 Be6 11.Nxc4 dxc4 12.d5 Nxd5 13.Nxd5 Bf6 14.Nxf6+ Qxf6 15.Bxc6 bxc6
16.Qd4 Qg6 17.Rfd1 Bd5 18.Rd2 Rfe8 19.f3 Re7 20.Bf4 f5 21.Rc1 Rae8 22.Qf2 Qf6
23.Rc3 Rb7 24.Rcc2 Rbe7 25.Rc3 Rb7 26.Re3 Re6 27.Rxe6 Qxe6 28.Qe3 Qf7 29.Be5 Re7
30.Qf4 h6 31.Bc3 Kh7 32.Kf2 Qh5 33.h4 Qg6 34.Ke1 Qh5 35.Kd1 Qg6 36.Kc1 Qh5
37.Qd4 Qg6 38.Qf4 Qh5 39.a4 Kg8 40.a5 Qg6  1/2-1/2

[Event "Manila ol (Men)"]
[Site "Manila"]
[Date "1992.??.??"]
[Round "?"]
[White "Bricard, Emmanuel"]
[Black "Van Riemsdijk, Herman C"]
[Result "1-0"]
[WhiteElo "2430"]
[BlackElo "2440"]

1.Nf3 d5 2.g3 Bf5 3.Bg2 Nc6 4.c4 d4 5.d3 e5 6.O-O Qd7 7.Re1 Nf6 8.Na3 Bb4
9.Bd2 a5 10.Nc2 O-O 11.a3 Bxd2 12.Qxd2 Rfe8 13.b4 axb4 14.axb4 Rxa1 15.Rxa1 b6
16.b5 Na5 17.Ra3 h6 18.Qb4 Bh3 19.Bh1 Qg4 20.Ra1 Nh5 21.e3 dxe3 22.Nxe3 Qd7
23.Nd5 Nf4 24.Nxf4 exf4 25.Qc3 fxg3 26.hxg3 Bf5 27.Nd4 Bg6 28.Rxa5 bxa5 29.Bc6 Rf8
30.Qe1 Qxd4 31.Qxa5 Bxd3 32.Qxc7 Bxc4 33.Qd7 Qa1+ 34.Kh2 Qb2 35.Qe8 Kh7 36.Qe4+ g6
37.Qxc4 Qxf2+ 38.Bg2 h5 39.Qf4 Qa7 40.Qf6 Qa2 41.b6  1-0

[Event "Manila ol (Men)"]
[Site "Manila"]
[Date "1992.??.??"]
[Round "?"]
[White "Dizdar, Goran"]
[Black "Arlandi, Ennio"]
[Result "1/2-1/2"]
[WhiteElo "2495"]
[BlackElo "2420"]

1.Nf3 d5 2.g3 Nf6 3.Bg2 e6 4.O-O Be7 5.c4 O-O 6.b3 c5 7.Bb2 Nc6 8.cxd5 Nxd5
9.Nc3 b6 10.Nxd5 exd5 11.d4 Bf6 12.Qd2 Ba6 13.Rfe1 Re8 14.dxc5 Bxb2 15.Qxb2 bxc5
16.Rad1 Rc8 17.Rd2 d4 18.h4 Nb4 19.a3 Nc6 20.b4 cxb4 21.axb4 Qb6 22.Nxd4 Ne5
23.Nf5 Qg6 24.Nd6 Nc4 25.Nxc4 Rxc4 26.Ra1 Qb6 27.Qa2 Bb5 28.Qxa7 Qxa7 29.Rxa7 Rxb4
30.Rb7 g5 31.Rd5 gxh4 32.Rbxb5 Rxb5 33.Rxb5 hxg3 34.Rg5+ Kf8 35.Bf3 gxf2+
36.Kxf2 f6 37.Rb5 Kg7 38.Kg3 Re6 39.Kf4 h6 40.Bh5 Re7 41.Bf3  1/2-1/2

[Event "Manila ol (Men)"]
[Site "Manila"]
[Date "1992.??.??"]
[Round "?"]
[White "Dizdarevic, Emir"]
[Black "Gomez Esteban, Juan Mario"]
[Result "1/2-1/2"]
[WhiteElo "2505"]
[BlackElo "2425"]

1.Nf3 d5 2.g3 c5 3.Bg2 Nc6 4.d4 e6 5.O-O a6 6.c4 dxc4 7.Na3 cxd4 8.Nxc4 Bc5
9.Bd2 Nge7 10.Qb1 Nd5 11.Rc1 Ba7 12.b4 Qe7 13.Na5 Nxa5 14.bxa5 O-O 15.Ng5 f5
16.Qb3 Rd8 17.h4 h6 18.Nh3 Kh7 19.Rab1 Rb8 20.Bxd5 Rxd5 21.Nf4 Rd8 22.Bb4 Qf7
23.Bc5 Bxc5 24.Rxc5 Qe7 25.Qb6 Bd7 26.Rc7 e5 27.Nd3 Qe8 28.Nc5 Bc6 29.Nxb7 Rxb7
30.Rxb7 Bxb7 31.Qxb7 Qa4 32.Qxa6 Qxa2 33.Rb7 e4 34.Qf6 Qb1+ 35.Rxb1 gxf6
36.Kf1 Ra8 37.Rb5 Kg6 38.Ke1 Rc8 39.Rb1 Ra8 40.Ra1 Ra6 41.Kd2 Kh5 42.f3 exf3
43.exf3 f4 44.gxf4 Kxh4 45.Kd3 Kg3 46.Kxd4 h5 47.Ke4 Re6+ 48.Kd4 Ra6 49.Ke3  1/2-1/2

[Event "Manila ol (Men)"]
[Site "Manila"]
[Date "1992.??.??"]
[Round "?"]
[White "Dizdarevic, Emir"]
[Black "Sosonko, Gennadi"]
[Result "1/2-1/2"]
[WhiteElo "2505"]
[BlackElo "2530"]

1.Nf3 d5 2.g3 Nf6 3.Bg2 e6 4.O-O Be7 5.c4 O-O 6.b3 c5 7.e3 Nc6 8.Bb2 b6 9.Nc3 dxc4
10.bxc4 Bb7 11.Qe2 Rc8 12.Rfd1 Qc7 13.Rac1 a6 14.Rb1  1/2-1/2